| 000 | 00564nam a2200205Ia 4500 | ||
|---|---|---|---|
| 003 | OSt | ||
| 005 | 20240624103848.0 | ||
| 008 | 210423s1997 xx 000 0 und d | ||
| 040 | _cAL | ||
| 041 | _aeng | ||
| 082 |
_a305.231 _223 _bADOD |
||
| 100 |
_aAdoption centre _9119092 |
||
| 245 | _aDont let children grow in residential care | ||
| 260 |
_aSweden _bAdoption centre _c1997 |
||
| 365 | _cINR | ||
| 650 |
_aSocial Groups _9119093 |
||
| 650 |
_aSocial Sciences _9119094 |
||
| 906 | _acare. ; children ; Dont ; group ; let ; residential | ||
| 942 |
_2ddc _cBK |
||
| 999 |
_c174815 _d174815 |
||